00733nam 2200217u 4500001000800000005001700008008004100025035002100066906004500087010001700132040001900149050001400168245012500182260003400307300001500341500002400356500003300380700003900413991003700452099002600489862225600000000000000.0841113s1976 nyu 000 0 eng  9(DLC)unk84057097 a0bcbccpremunvduencipf19gy-gencatlg aunk84057097  aDLCcCarPdDLC00aM32.8b.G00aGo for baroque with that jazz feeling;c[studies of original baroque melodies with jazz interpretations by Jim Progris]  aNew York,bC. Hansenc[c1976] a32 p.ccm. aFor piano or organ. aMelodies with chord symbols.1 aProgris, James. [from old catalog] bc-MusichM32.8i.GtCopy 1wPREM aprogris-go-1071950479